000 01038nab a22002297a 4500
999 _c5487
_d5487
003 OSt
005 20251205123014.0
008 190502c xxu||||| |||| 00| 0 spa d
040 _cPJ
100 _aFounburg, Mariano Nicolás
_96481
245 1 3 _aSecuestros virtuales :
_b¿ardid o intimidación? /
_cMariano Nicolás Founburg.
260 _aCiudad Autónoma de Buenos Aires :
_bThomson Reuters La Ley,
_c2025.
300 _ap. 3-10
500 _aCita Online: AR/DOC/543/2025.
505 _aSumario: I. Introducción.— II. Modalidad y encuadre legal de los secuestros virtuales.— III. Criterio de la Justicia Nacional en lo Criminal y Correccional. — IV. Conclusión.
505 _t¿Te interesa el texto completo? Solicitalo al correo: koha@justierradelfuego.gov.ar
650 0 _9343
_aDERECHO PENAL
650 0 _93136
_aDELITOS
650 0 _93228
_aSECUESTRO EXTORSIVO
773 0 _02729
_93180
_dBuenos Aires : LexisNexis, 2006-
_tRevista de derecho penal y procesal penal. Nº 5 - Mayo 2025
_z9875920622
942 _2udc
_cANA